000 00202 a2200097 4500
001 36643
100 _aHaroon Rashid
245 _aFatih
260 _aLahore
_bJang Publishers
_c
090 _c23692
_d23692
942 _aNUST-CAE
_cM
_c15216
999 _c271716
_d271716